Forensic Accounting & Fraud Investigation/ (Record no. 216349)
[ view plain ]
| 000 -LEADER | |
|---|---|
| fixed length control field | 00566nam a22001937a 4500 |
| 005 - DATE AND TIME OF LATEST TRANSACTION | |
| control field | 20260522121815.0 |
| 010 ## - LCCN (DPL NO) | |
| LC control number | ENG-148615 |
| 020 ## - INTERNATIONAL STANDARD BOOK NUMBER | |
| Terms of availability | 399.00 |
| International Standard Book Number | 9789348892829 |
| 035 ## - SYSTEM CONTROL NUMBER | |
| System control number | EN-132147 |
| 037 ## - SOURCE OF ACQUISITION | |
| Source of stock number/acquisition | DBAD |
| 082 ## - DEWEY DECIMAL CLASSIFICATION NUMBER | |
| Classification number | 332 |
| 100 ## - MAIN ENTRY--PERSONAL NAME | |
| Personal name | Ogutu, Gabriel O. |
| 245 ## - TITLE STATEMENT | |
| Title | Forensic Accounting & Fraud Investigation/ |
| Statement of responsibility, etc | Gabriel O. Ogutu |
| 250 ## - EDITION STATEMENT | |
| Edition statement | 1 |
| 260 ## - PUBLICATION, DISTRIBUTION, ETC. (IMPRINT) | |
| Place of publication, distribution, etc | Kolkata |
| Name of publisher, distributor, etc | Exceller Books |
| Date of publication, distribution, etc | 2025 |
| 270 ## - ADDRESS | |
| Address | G1 Dream Apartment, Degree College Road |
| City | Belgharia,Kolkata |
| 300 ## - PHYSICAL DESCRIPTION | |
| Extent | 175p. |
| Dimensions | 21cm(pbk) |
| 942 ## - ADDED ENTRY ELEMENTS (KOHA) | |
| Source of classification or shelving scheme | Dewey Decimal Classification |
| Item type | English Books |
| Call number suffix | OGU |
| Classification part | 332 |
No items available.
